00783nac a22002297a 4500001001000000003000900010005001700019008003400036040005400070072000800124100002000132100001800152110008100170245009200251260003700343300001000380490010200390500001100492650001300503650002000516650001700536BR7900631BR-BrBNA20240105114359.0230509b bl.|||m| |||| 00| 0 por d aBR-BrBNAbporcBiblioteca Nacional de Agricultura aF251 aAquino, A.B. de1 aBirbaumer, G.1 aEmpresa de Assistencia Tecnica e Extensao Rural do Ceara, Fortaleza (Brasil)1 aRecomendacoes de adubacao para o Estado do Ceara [Fertilizante; Brasil]b1. Aproximacao3 aFortaleza, CE (Brasil): c1978.  a68 p. aProgramas e Projetos - Empresa de Assistencia Tecnica e Extensao Rural do Ceara (Brazil)vno. 1x a7 ref. aADUBACAO aADUBACAO FOLIAR aFERTILIZANTE